000 00523nam a2200205Ia 4500
005 20250923145921.0
008 008 250917s9999 xx 000 0 eng d
037 _aTextual
040 _aDSWL
_beng
_cDSWL
041 _aeng
_2eng
084 _aY, N69;12
_qDSWL
100 _aDavis, K.
_9840273
245 0 _aHuman Society
_c by K. Davis
260 _aDelhi
_b Surjeet
_c1981
300 _a655p.
365 _aINR
_b125.00
925 _g125.00
942 _cTEXL
_hY, N69;12
999 _c1457328
_d1457328